000 00649nam a2200217 i 4500
001 36244
003 BD-RjUL
005 20211209052446.0
008 140618s1965 enk b 001 0 eng d
035 _a(BD-RjUL)36341
040 _aDLC
_beng
_cDLC
_dBD-RjUL
041 _aeng
082 0 0 _a320.9171241
_bWIB 1965
100 1 _aWiseman, H. Victor
_q(Herbert Victor)
_9109335
245 1 0 _aBritain and the Commonwealth /
_cby H. Victor Wiseman.
260 _aLondon :
_bAllen & Unwin,
_c1965.
300 _a157 p. ;
_c21cm.
504 _aIncludes bibliographical references and index.
651 0 _aCommonwealth countries.
_9110304
942 _2ddc
_cBK
999 _c36244
_d36244